<?xml version="1.0" encoding="UTF-8"?>
<collection xmlns="http://www.loc.gov/MARC21/slim">
 <record>
  <leader>06915nam a2200421 a 4500</leader>
  <controlfield tag="001">kal1560</controlfield>
  <controlfield tag="003">Gr-AtHEAL</controlfield>
  <controlfield tag="005">20160425115155.0</controlfield>
  <controlfield tag="006">m        d        </controlfield>
  <controlfield tag="008">160413s2015    gr      s           gre|c</controlfield>
  <datafield tag="020" ind1=" " ind2=" ">
   <subfield code="a">9789606030802</subfield>
  </datafield>
  <datafield tag="040" ind1=" " ind2=" ">
   <subfield code="a">GR-AtHEAL</subfield>
   <subfield code="b">gre</subfield>
   <subfield code="c">GR-AtHEAL</subfield>
  </datafield>
  <datafield tag="082" ind1="0" ind2="4">
   <subfield code="a">339</subfield>
   <subfield code="2">23</subfield>
  </datafield>
  <datafield tag="100" ind1="1" ind2=" ">
   <subfield code="a">Κυρίκος, Δημήτριος.</subfield>
   <subfield code="8">1325</subfield>
  </datafield>
  <datafield tag="245" ind1="1" ind2="0">
   <subfield code="a">Μακροοικονομική ανάλυση και πολιτική</subfield>
   <subfield code="h">[Ηλεκτρονικός πόρος] </subfield>
   <subfield code="c">Κυρίκος, Δημήτριος ; Κριτικός αναγνώστης,Βλάσσης, Μηνάς ; Τεχνική επιμέλεια,Καραμολέγκου, Μαρία ; Γλωσσική επιμέλεια,Καλοκύρη, Ανάστασια.</subfield>
  </datafield>
  <datafield tag="260" ind1=" " ind2=" ">
   <subfield code="a">Αθήνα :</subfield>
   <subfield code="b">Σύνδεσμος Ελληνικών Ακαδημαϊκών Βιβλιοθηκών,</subfield>
   <subfield code="c">c2015.</subfield>
  </datafield>
  <datafield tag="490" ind1=" " ind2=" ">
   <subfield code="a">Ακαδημαϊκά Ηλεκτρονικά Συγγράμματα και Βοηθήματα Κάλλιπος</subfield>
   <subfield code="8">40</subfield>
  </datafield>
  <datafield tag="520" ind1=" " ind2=" ">
   <subfield code="a">Το βιβλίο αυτό απευθύνεται σε προπτυχιακούς φοιτητές και καλύπτει θέματα Μακροοικονομικής ανάλυσης και πολιτικής σε εισαγωγικό και ενδιάμεσο επίπεδο σπουδών. Για παιδαγωγικούς λόγους, καθώς και για λόγους συγκρισιμότητας προς τις ευρέως ακολουθούμενες προσεγγίσεις, αρχικά παρουσιάζονται τα συμβατικά υποδείγματα προσδιορισμού της βραχυχρόνιας και μακροχρόνιας μακροοικονομικής ισορροπίας, IS-LM και AD-AS. Ακολουθεί το καινοτομικό στοιχείο του βιβλίου με την παρουσίαση του υποδείγματος IS-MP, όπου η καμπύλη LM αντικαθίσταται από νομισματικούς κανόνες (MP) στόχευσης του πραγματικού επιτοκίου, όπως πράγματι συμβαίνει στην άσκηση της νομισματικής πολιτικής από τις κεντρικές τράπεζες και σε αντίθεση με τη θέσπιση ποσοτικών στόχων ρευστότητας που συνεπάγεται η καμπύλη LM. Η νέα προσέγγιση συμπληρώνεται με το καινούριο υπόδειγμα συνολικής ζήτησης – συνολικής προσφοράς (AD-AS) όπου η AD διατυπώνεται ως σχέση πληθωρισμού – δαπάνης και η νέα AS συνάγεται από τη σχέση πληθωρισμού – ανεργίας που περιγράφει η καμπύλη Phillips. Εξετάζονται οι βραχυχρόνιες και μακροχρόνιες επιπτώσεις άσκησης δημοσιονομικής και νομισματικής πολιτικής και αναλύεται η προέκταση του νέου υποδείγματος στην ανοικτή οικονομία. Η νέα αυτή προσέγγιση θα καλύψει ένα κενό στην ελληνική βιβλιογραφία, δεδομένου ότι (εξ όσων γνωρίζει ο συγγραφέας) δεν κυκλοφορεί αντίστοιχο σύγγραμμα στην ελληνική γλώσσα. Τα πέντε πρώτα κεφάλαια του βιβλίου μπορούν να χρησιμοποιηθούν για ένα εισαγωγικό εξαμηνιαίο μάθημα στη μακροοικονομική ανάλυση και πολιτική, ενώ τα τέσσερα τελευταία κεφάλαια διαμορφώνουν την ύλη για ένα αντίστοιχο ενδιάμεσου επιπέδου εξαμηνιαίο μάθημα. Σε κάθε κεφάλαιο θα υπάρχουν ερωτήσεις και προβλήματα αυτό-αξιολόγησης, ενώ σε παράρτημα θα δίνονται οι σχετικές απαντήσεις.</subfield>
  </datafield>
  <datafield tag="650" ind1=" " ind2="0">
   <subfield code="a">Macroeconomics</subfield>
   <subfield code="8">1919</subfield>
  </datafield>
  <datafield tag="650" ind1=" " ind2="0">
   <subfield code="a">Economic policy</subfield>
   <subfield code="8">1914</subfield>
  </datafield>
  <datafield tag="653" ind1=" " ind2=" ">
   <subfield code="a">Μακροοικονομική ανοικτής οικονομίας</subfield>
  </datafield>
  <datafield tag="653" ind1=" " ind2=" ">
   <subfield code="a">Πληθωρισμός και ανεργία</subfield>
  </datafield>
  <datafield tag="653" ind1=" " ind2=" ">
   <subfield code="a">Οικονομική πολιτική</subfield>
  </datafield>
  <datafield tag="653" ind1=" " ind2=" ">
   <subfield code="a">Μακροοικονομική</subfield>
  </datafield>
  <datafield tag="653" ind1=" " ind2=" ">
   <subfield code="a">Οικονομικές επιστήμες</subfield>
   <subfield code="a">Διεθνής οικονομική</subfield>
   <subfield code="a">Μακροοικονομικές πτυχές διεθνούς εμπορίου και χρηματοοικονομικής</subfield>
  </datafield>
  <datafield tag="653" ind1=" " ind2=" ">
   <subfield code="a">Οικονομικές επιστήμες</subfield>
   <subfield code="a">Μακροοικονομική και νομισματική οικονομική</subfield>
   <subfield code="a">Μακροοικονομική πολιτική, μακροοικονομικές πτυχές δημόσιας οικονομίας και γενική προοπτική</subfield>
  </datafield>
  <datafield tag="653" ind1=" " ind2=" ">
   <subfield code="a">Οικονομικές επιστήμες</subfield>
   <subfield code="a">Μακροοικονομική και νομισματική οικονομική</subfield>
   <subfield code="a">Νομισματική πολιτική, Κεντρική Τράπεζα και διάθεση χρήματος και πίστωσης</subfield>
  </datafield>
  <datafield tag="653" ind1=" " ind2=" ">
   <subfield code="a">Οικονομικές επιστήμες</subfield>
   <subfield code="a">Μακροοικονομική και νομισματική οικονομική</subfield>
   <subfield code="a">Χρήμα και επιτόκια</subfield>
  </datafield>
  <datafield tag="653" ind1=" " ind2=" ">
   <subfield code="a">Οικονομικές επιστήμες</subfield>
   <subfield code="a">Μακροοικονομική και νομισματική οικονομική</subfield>
   <subfield code="a">Τιμές, επιχειρηματικές διακυμάνσεις και κύκλοι</subfield>
  </datafield>
  <datafield tag="653" ind1=" " ind2=" ">
   <subfield code="a">Οικονομικές επιστήμες</subfield>
   <subfield code="a">Μακροοικονομική και νομισματική οικονομική</subfield>
   <subfield code="a">Μακροοικονομία: κατανάλωση, αποταμίευση, παραγωγή, απασχόληση και επένδυση</subfield>
  </datafield>
  <datafield tag="653" ind1=" " ind2=" ">
   <subfield code="a">Οικονομικές επιστήμες</subfield>
   <subfield code="a">Μακροοικονομική και νομισματική οικονομική</subfield>
   <subfield code="a">Γενικά συγκεντρωτικά μοντέλα</subfield>
  </datafield>
  <datafield tag="653" ind1=" " ind2=" ">
   <subfield code="a">Οικονομικές επιστήμες</subfield>
   <subfield code="a">Μακροοικονομική και νομισματική οικονομική</subfield>
  </datafield>
  <datafield tag="700" ind1="1" ind2=" ">
   <subfield code="a">Βλάσσης, Μηνάς</subfield>
   <subfield code="e">Κριτικός αναγνώστης</subfield>
   <subfield code="8">1326</subfield>
  </datafield>
  <datafield tag="856" ind1="4" ind2="0">
   <subfield code="u">http://hdl.handle.net/11419/1560</subfield>
   <subfield code="z">Πλήρες Κείμενο - Full text</subfield>
  </datafield>
  <datafield tag="907" ind1=" " ind2=" ">
   <subfield code="a">.b25680869</subfield>
   <subfield code="b">12-06-18</subfield>
   <subfield code="c">29-07-16</subfield>
  </datafield>
  <datafield tag="949" ind1=" " ind2=" ">
   <subfield code="0">0</subfield>
   <subfield code="1">0</subfield>
   <subfield code="2">ddc</subfield>
   <subfield code="4">0</subfield>
   <subfield code="6">339_000000000000000_ΚΥΡ</subfield>
   <subfield code="7">0</subfield>
   <subfield code="8">KALL</subfield>
   <subfield code="8">845</subfield>
   <subfield code="d">2016-04-13</subfield>
   <subfield code="r">2016-04-13</subfield>
   <subfield code="w">2016-04-13</subfield>
   <subfield code="z">339 ΚΥΡ</subfield>
   <subfield code="o">SEAB KALLIPOS</subfield>
  </datafield>
  <datafield tag="998" ind1=" " ind2=" ">
   <subfield code="a">80</subfield>
   <subfield code="a">01</subfield>
   <subfield code="a">02</subfield>
   <subfield code="a">03</subfield>
   <subfield code="a">04</subfield>
   <subfield code="a">05</subfield>
   <subfield code="a">06</subfield>
   <subfield code="a">07</subfield>
   <subfield code="a">08</subfield>
   <subfield code="a">09</subfield>
   <subfield code="a">10</subfield>
   <subfield code="a">11</subfield>
   <subfield code="a">12</subfield>
   <subfield code="a">13</subfield>
   <subfield code="a">14</subfield>
   <subfield code="a">15</subfield>
   <subfield code="a">16</subfield>
   <subfield code="a">17</subfield>
   <subfield code="a">18</subfield>
   <subfield code="a">19</subfield>
   <subfield code="a">20</subfield>
   <subfield code="a">21</subfield>
   <subfield code="a">22</subfield>
   <subfield code="a">23</subfield>
   <subfield code="a">24</subfield>
   <subfield code="a">25</subfield>
   <subfield code="a">26</subfield>
   <subfield code="b">22-05-17</subfield>
   <subfield code="c">m</subfield>
   <subfield code="d">z  </subfield>
   <subfield code="e">-</subfield>
   <subfield code="f">gre</subfield>
   <subfield code="g">gr </subfield>
   <subfield code="h">0</subfield>
  </datafield>
  <datafield tag="942" ind1=" " ind2=" ">
   <subfield code="2">ddc</subfield>
   <subfield code="c">KALLIPOS</subfield>
  </datafield>
 </record>
</collection>
